[Event "Caorle op-B"]
[Site "Caorle"]
[Date "1991.07.09"]
[Round "4.48"]
[White "Carnio, Fortunato"]
[Black "Miolo, Lino"]
[Result "1-0"]
[WhiteElo "1734"]
[BlackElo "1779"]
[PlyCount "78"]
[EventDate "1991.07.05"]
[EventType "swiss"]
[EventRounds "8"]
[EventCountry "ITA"]
[SourceTitle "EXT 2023"]
[Source "ChessBase"]
[SourceDate "2022.10.05"]
[SourceVersion "1"]
[SourceVersionDate "2022.10.05"]
[SourceQuality "1"]

1. e4 e6 2. d4 d5 3. Nc3 Nf6 4. e5 Nfd7 5. f4 c5 6. Nf3 Qb6 7. a3 Nc6 8. dxc5 Bxc5 9. Bd3 Bf2+ 10. Kf1 Bc5 11. Ng5 h6 12. Qh5 Ndxe5 13. fxe5 Nxe5 14. Na4 Qc6 15. Nxc5 Qxc5 16. Nxe6 Qd6 17. Nxg7+ Kf8 18. Bf4 Qf6 19. Qxe5 Qxg7 20. Qxg7+ Kxg7 21. Re1 h5 22. Be5+ f6 23. Bd4 Rf8 24. Re7+ Rf7 25. Rxf7+ Kxf7 26. h3 b6 27. Ke2 f5 28. Rf1 Kg6 29. g4 hxg4 30. hxg4 Kg5 31. gxf5 Bd7 32. f6 Re8+ 33. Kd2 Be6 34. Rg1+ Kf4 35. Rg7 Rf8 36. Rxa7 b5 37. Bxb5 Ke4 38. c3 Bg4 39. f7 Kf5 1-0

[Event "Secondario 15th"]
[Site "Caorle"]
[Date "1990.07.13"]
[Round "7.13"]
[White "Miolo, Lino"]
[Black "Djuretanovic, Ivan"]
[Result "1-0"]
[WhiteElo "1785"]
[BlackElo "1800"]
[PlyCount "154"]
[EventDate "1990.07.07"]
[EventType "swiss"]
[EventRounds "8"]
[EventCountry "ITA"]
[SourceTitle "EXT 2023"]
[Source "ChessBase"]
[SourceDate "2022.10.05"]
[SourceVersion "1"]
[SourceVersionDate "2022.10.05"]
[SourceQuality "1"]

1. Nc3 e5 2. e3 d5 3. Qh5 Nc6 4. Bb5 Qd6 5. Nf3 e4 6. Nd4 Nf6 7. Qe2 a6 8. Bxc6+ bxc6 9. h3 c5 10. Nb3 Be7 11. d3 exd3 12. cxd3 d4 13. exd4 cxd4 14. Ne4 Nxe4 15. Qxe4 Rb8 16. 0-0 0-0 17. Bf4 Qd7 18. Rac1 Bd6 19. Rfe1 Rb4 20. Bxd6 Qxd6 21. Qe7 Qxe7 22. Rxe7 Be6 23. Rcxc7 Bxb3 24. axb3 Rxb3 25. Red7 Rxd3 26. b4 Rd1+ 27. Kh2 d3 28. Rc3 Rb1 29. Rd4 Rb2 30. Kg3 g6 31. Rcxd3 Rb8 32. Rd8+ Rxd8 33. Rxd8+ Kg7 34. Rb8 a5 35. b5 a4 36. b6 a3 37. b7 a2 38. Ra8 Rb3+ 39. f3 Rxb7 40. Rxa2 Kf6 41. Ra6+ Kg5 42. h4+ Kh5 43. Rf6 Kh6 44. Kh3 Kg7 45. Rf4 Rb1 46. g4 h6 47. g5 h5 48. Rf6 Re1 49. Kg3 Kf8 50. Ra6 Rd1 51. Ra4 Rg1+ 52. Kf4 Re1 53. Re4 Rxe4+ 54. Kxe4 Ke8 55. Ke5 Ke7 56. f4 Ke8 57. Kd6 Kd8 58. Kc6 Ke7 59. Kd5 f6 60. gxf6+ Kxf6 61. Ke4 Ke6 62. Ke3 Kd7 63. Kd4 Kd6 64. Ke4 Ke6 65. Ke3 Kd5 66. Kd3 Ke6 67. Ke4 Kf6 68. Ke3 Kg7 69. Ke4 Kf8 70. Kd5 Kg7 71. Ke6 Kh6 72. Kf6 Kh7 73. Kf7 Kh6 74. Kg8 g5 75. fxg5+ Kg6 76. Kf8 Kh7 77. Kf7 Kh8 1-0